The Dialogue Between Forensic Scientists, Statisticians and Lawyers about Complex Scientific Issues for Court (Record no. 25787)
[ view plain ]
| 000 -LEADER | |
|---|---|
| fixed length control field | 00654nam a2200133Ia 4500 |
| 008 - FIXED-LENGTH DATA ELEMENTS--GENERAL INFORMATION | |
| fixed length control field | 220620s9999||||xx |||||||||||||| ||und|| |
| 020 ## - INTERNATIONAL STANDARD BOOK NUMBER | |
| International Standard Book Number | 9782890000000 |
| 245 #4 - TITLE STATEMENT | |
| Title | The Dialogue Between Forensic Scientists, Statisticians and Lawyers about Complex Scientific Issues for Court |
| 546 ## - LANGUAGE NOTE | |
| Language note | English[eng] |
| 650 ## - SUBJECT ADDED ENTRY--TOPICAL TERM | |
| Topical term or geographic name entry element | criminal jurisprudence||expert evidence||DNA likelihood ratios||DNA evidence||principles of forensic interpretation |
| 700 ## - ADDED ENTRY--PERSONAL NAME | |
| Personal name | Pope, Sue||Biedermann, Alex |
| 856 ## - ELECTRONIC LOCATION AND ACCESS | |
| Uniform Resource Identifier | <a href="https://www.frontiersin.org/research-topics/4000/the-dialogue-between-forensic-scientists-statisticians-and-lawyers-about-complex-scientific-issues-f">https://www.frontiersin.org/research-topics/4000/the-dialogue-between-forensic-scientists-statisticians-and-lawyers-about-complex-scientific-issues-f</a> |
| 942 ## - ADDED ENTRY ELEMENTS (KOHA) | |
| Koha item type | E-Books |
| Withdrawn status | Lost status | Damaged status | Not for loan | Home library | Current library | Date acquired | Total Checkouts | Date last seen | Price effective from | Koha item type |
|---|---|---|---|---|---|---|---|---|---|---|
| Kerala University of Digital Sciences, Innovation and Technology Knowledge Centre | Kerala University of Digital Sciences, Innovation and Technology Knowledge Centre | 20/06/2022 | 20/06/2022 | 20/06/2022 | E-Books |